Historia de la Literatura Colombiana
Guardado en:
| Autor principal: | |
|---|---|
| Formato: | Libro |
| Publicado: |
Bogota-Colombia
Iqueima
1958
|
| Edición: | 5ª ed. |
| Catálogo: | MANES: Resultados de Búsqueda del Catálogo |
| Clasificación de libros de texto: |
|
| Etiquetas: |
Agregar Etiqueta
Sin Etiquetas, Sea el primero en etiquetar este registro!
|
| Cambiado en: | 2025-05-07 |
MARC
| LEADER | 00000nam a22000007a 4500 | ||
|---|---|---|---|
| 005 | 20250507125452.0 | ||
| 008 | Spa | ||
| 040 | |a Centro_Manes |c Manuales Escolares U. Atlántico | ||
| 100 | |9 11389 |a Arias, Juan de Dios |b Autor | ||
| 245 | |a Historia de la Literatura Colombiana | ||
| 250 | |a 5ª ed. | ||
| 260 | |a Bogota-Colombia |b Iqueima |c 1958 | ||
| 300 | |a 270.p |c 21x15cm, | ||
| 500 | |a este libro es para que el estudiante no tenga la necesidad de tener al profesor constantemente si no que aprenda sin el. este texto se puede encontrar una amplia información de lo que es la literatura colombiana. el libro puede ser diligenciado en la Universidad del Atlántico y esta en perfectas condiciones para ser Consultado. | ||
| 546 | |a Colombia | ||
| 561 | |5 co-CDME |a Colombia. Universidad del Atlántico |k MANES | ||
| 690 | 0 | |a LEN | |
| 691 | 0 | |a SE | |
| 942 | |2 ddc |c BK | ||
| 999 | |c 53285 |d 53285 | ||
| 999 | |c manes:53285 |d 53285 | ||